000 04438nam a2200421 a 4500
003 CHAP
005 20240813140423.0
007 cr ||||||a|c|a
008 101019s2010 mx r 00010 spa d
035 _a111112
040 _cCHAP
090 _aTesis
100 1 _aGarcía Román, Alfonso.
_946553
245 1 0 _aExperiencias en torno al programa de abasto rural de DICONSA, en almacenes del Estado de Nuevo León
_c/por Alfonso García Román; director de tesis Pedro Ponce Hernández
264 _aChapingo, Méx. :
_bEl autor,
_c2010.
300 _a1 recurso en línea (55 páginas).
336 _2rdacontent
_atexto
_btxt
337 _2rdamedia
_acomputadora
_bc
338 _2rdacarrier
_arecurso en linea
_bcr
502 _bIA
_cAgroindustrias
_d2010.
_gLIC
520 _aEl presente trabajo tiene la finalidad de mostrar las experiencias personales, que se fueron presentando en el desempeño de labores, en los Almacenes Rurales de la Empresa Diconsa; en su sucursal de Monterrey, ubicada en Monterrey, Nuevo León. El primer Almacén, Cadereyta Jiménez, N. L. de 1994 a 1998, se desempeñaron funciones como Gerente de Almacén y en los primeros meses se trabajó para mejorar los resultados de los siguientes indicadores: El inventario; se aplicó el principio del 80-20 para asegurar el nivel de inventario suficiente para cubrir los surtimientos de las tiendas durante un mes, periodo definido por política, entre pedidos. Mercancías de lento y nulo desplazamiento; se depuró, tanto en tiendas como en almacén, para disponer de mercancías con buena rotación y así mejorar el flujo. La cobertura de servicio; se abrieron nuevos puntos de servicio en poblaciones donde no la había y en poblaciones transferidas del programa Infonavit. Las compras de mercancías en abarroteras; derivado de los puntos anteriores, se pudo elevar las cantidades de los pedidos de tienda y surtidos por el almacén, porque las tiendas cuando no recibían el completo lo buscaban en abarroteras, pero no había control de precios. Se elevó la venta por servicio a más del 200% de septiembre 1994 a junio 1995, trabajando en conjunto los puntos anteriores. La facturación; con las acciones conjuntas de los comités rurales de abastos, las actividades de los integrantes de mesas directivas de consejo, mejoramos la recuperación de venta, trabajando con un 10% intermes y al final 0% de deuda, tienda a Almacén. • Participación comunitaria; se actualizaron los comités, encargados y mesas directivas de consejo y se encausó a la mejora y permanencia de resultados y la constitución de una empresa comercializadora. En el segundo Almacén, Los Llanos, en Arteaga, Coahuila de 1993 a 1994, como supervisor y de 1998 al 2000, como Gerente de Almacén, ahí se destacan experiencias en lo siguiente: viii Como supervisor, mejoré las políticas de operación de mi ruta de trabajo; rotación de capitales mayores al 1.5, facturación de venta en tiendas menores al 10%, aumento en la participación comunitaria, expresada los anteriores resultados y la integración de socios a una comercializadora social del consejo. Como gerente de almacén; mantener y mejorar los niveles de ventas, facturación y participación comunitaria y coordinar y supervisar la administración de la empresa social. De todo lo anterior se concluye que la incorporación autentica y permanente de la participación comunitaria, hace posible los buenos resultados del programa de abasto rural, si haces que se cumpla el binomio corresponsabilidad comunidad-Diconsa, harás que el programa no pierda vigencia y obviamente mucho tiene que ver la dirección del Gerente del Almacén, ya que es quién da las directrices en la planeación y ejecución.
590 _aALEPH
_b10
_c20130110
590 _aBATCH-UPD
_b10
_c20130110
590 _aBATCH-UPD
_b10
_c20130410
590 _aBATCH-UPD
_b10
_c20130914
590 _aBATCH-UPD
_b10
_c20140324
590 _aBATCH-UPD
_b10
_c20141002
590 _aCONVERSION
_b10
_c20130109
650 0 4 _aAlimentos
_xAbastecimiento
_zNuevo León.
_94155
700 0 _aPonce Hernández, Pedro
_990789
_eDirector de tesis
856 _uhttp://10.13.5.2/tesis/111112.pdf
_zDESCARGAR PDF
901 _aBK
942 _cTD
949 _bBC
_cTES
_d33724002210512
_eTS1
_gDonaciØn
_h51154
_i111112
_sb
949 _bBC
_cTES
_d33724002210553
_eTS2
_fc.2
_gDonaciØn
_h51155
_i111112
_sb
999 _c99454
_d99454